Science of Memory: Concepts

Gespeichert in:
Bibliographische Detailangaben
Weitere Verfasser: Roediger III, Henrz, L. (Herausgegeben von), Dudai, Yadin (Herausgegeben von), Fitzpatrick, Susan M. (Herausgegeben von)
Format: Buch
Sprache:Englisch
Veröffentlicht: New York : Oxford University Press, 2007
Tags: Tag hinzufügen
Keine Tags, Fügen Sie das erste Tag hinzu!

MARC

LEADER 00000nam a22000003a 4500
001 stu192454
005 20150617230049.6
008 091014s2007----xxu-----------------eng-d
020 |a 978-0-19-531044-3 
040 |a STU  |b slo 
041 0 |a eng 
044 |a xxu 
100 1 |a Roediger III, Henrz, L.  |4 edt 
245 1 |a Science of Memory: Concepts 
260 |a New York :  |b Oxford University Press,  |c 2007 
300 |a 446 s 
700 1 |a Dudai, Yadin  |4 edt 
700 1 |a Fitzpatrick, Susan M.  |4 edt 
996 |b I6086  |c I*6086  |l II680  |s A  |a 24  |w stu192454_0001